logo

Bir Sreshtho Munshi Abdur Rouf Library
Jhenaidah Cadet College

আমার জীবন / (Record no. 12389)

MARC details
000 -LEADER
fixed length control field 00873nam a2200265 a 4500
001 - CONTROL NUMBER
JCCL Control Number 12389
003 - CONTROL NUMBER IDENTIFIER
JCCL marc code BD-JhCC
005 - DATE AND TIME OF LATEST TRANSACTION
control field 20220622134024.0
008 - FIXED-LENGTH DATA ELEMENTS--GENERAL INFORMATION
fixed length control field 220202b2021 bg |||| ||a| 000 0 ben d
020 ## - INTERNATIONAL STANDARD BOOK NUMBER
International Standard Book Number 9789848118436
035 ## - SYSTEM CONTROL NUMBER
system control number (BD-JhCC)12389
040 ## - CATALOGING SOURCE
Original cataloging agency BD-JhCC
Modifying agency BD-JhCC
041 ## - LANGUAGE CODE
Language code of Book Bengali
082 ## - DEWEY DECIMAL CLASSIFICATION NUMBER
Classification number 791.43028092
Author mark and Year CHA 2021
100 ## - MAIN ENTRY--PERSONAL NAME
Personal name চ্যাপলিন, চার্লি
245 ## - TITLE STATEMENT
Title আমার জীবন /
Statement of responsibility, etc চার্লি চ্যাপলিন, অনু: সুশোভন মুখোপাধ্যায় ।
260 ## - PUBLICATION, DISTRIBUTION, ETC. (IMPRINT)
Place of publication, distribution, etc ঢাকা :
Name of publisher, distributor, etc আকাশ;
Date of publication, distribution, etc ২০২১.
300 ## - PHYSICAL DESCRIPTION
Pagination 432 p. :
Dimensions 22 cm.
600 ## - SUBJECT ADDED ENTRY--PERSONAL NAME
Personal name Chaplin,Charlie.1889-1977
650 ## - SUBJECT ADDED ENTRY--TOPICAL TERM
Topical term or geographic name as entry element Motion picture actors
650 ## - SUBJECT ADDED ENTRY--TOPICAL TERM
Topical term or geographic name as entry element Comediqns
700 ## - ADDED ENTRY--PERSONAL NAME
Personal name মুখোপাধ্যায়,সুশোভন
942 ## - ADDED ENTRY ELEMENTS (KOHA)
Source of classification or shelving scheme Dewey Decimal Classification
Koha item type Books
Koha issues (borrowed), all copies 1
Holdings
Source of classification or shelving scheme Damaged status Not for loan Home library Current library Shelving location Date of accession Cost, normal purchase price Total Checkouts Full call number Barcode Date last seen Date checked out Copy number Koha item type
Dewey Decimal Classification     JCC Rouf Library JCC Rouf Library General Stacks 06/10/2021 350.00 2 791.43028092 CHA 2021 16865 06/05/2024 05/29/2024 C-1 Books

JCC Library | Contacts | JCC Home

Last Update on 23 September 2017
Copyright @ 2017-2020 JCC Rouf Library
Rouf Library, Jhenidah Cadet College (JCC), Bangladesh